000 00554nam a22002177a 4500
003 UA-OsUOA
001 59806
007 ta
008 20090428b un ||||| |||| 00| 0 ukr d
090 _a908(477.8):379.85
_bР57
942 _cBK
040 _aUA-OsUOA
_bukr
_cUA-OsUOA
_dUA-OsUOA
245 _aРівненщина туристична
_bПутівник
300 _a380 с.
955 _a2
041 _aukr
080 _a908(477.8):379.85
260 _aК.
_bСвіт
_c2007
650 7 _a908 Краєзнавство
_2UDC
999 _c345892
_d345892